000 01178nam a2200229Ia 4500
003 Ost
005 20260507075733.0
008 260507s9999||||xx |||||||||||||| ||und||
040 _cfsecg
041 _aara
082 _a370.71
100 _aالخطيب، رداح
_eمؤلف
245 0 _aالتدريب :
_bالمدخلات-العمليات-المخرجات /
_c رداح الخطيب
260 _aأربد:
_bمؤسسة حمادة للدراسات الجامعية,
_c2001
300 _a299 صفحة؛
_bإيضاحات ؛
_c24 سم
504 _aببليوغرافيا: ص.289
520 _aاتجاهات حديثة في التدريب،نظريات التعلم والتعليم في التدريب،طرق وأساليب التدريب،التعليم المفرد،تحليل التفاعل الصفي كنظام للتغذية الراجعة،التعليم المصغر كتقنية متطورة للتدريب،الحقيبة التدريبية،تقويم ومراجعة عمليات البرامج التدريبية
653 _aالتدريب
653 _aالتعليم
700 _aالخطيب، أحمد
_eمؤلف ثانوي
942 _cكتاب
999 _c46053
_d46053